| 000 | 00917cam a22003017a 4500 | ||
|---|---|---|---|
| 003 | CHAP | ||
| 005 | 20220329142234.0 | ||
| 008 | 000316d1997 enka r 00010 eng d | ||
| 010 | _a80392 | ||
| 011 | _a81364 | ||
| 020 | _a96818398466 | ||
| 035 | _a91833 | ||
| 040 | _cCHAP | ||
| 082 | 0 | 4 |
_a574.192 _bB57 |
| 100 | 0 | 0 |
_aBloomfield, Molly M. _913215 |
| 245 | 1 | 0 |
_aQuímica de los organismos vivos _c/por Molly M. Bloomfield |
| 260 |
_aMéxico : _bLimusa, _c1997. |
||
| 300 |
_a767 p. : _bilus. |
||
| 590 |
_aBATCH-UPD _b10 _c20130110 _lUCH01 _h0557 |
||
| 590 |
_aBATCH-UPD _b10 _c20130410 _lUCH01 _h0239 |
||
| 590 |
_aBATCH-UPD _b10 _c20130914 _lUCH01 _h0644 |
||
| 590 |
_aCONVERSION _b10 _c20130109 _lUCH01 _h1345 |
||
| 650 | 1 | 4 |
_aBioquímica. _912849 |
| 901 | _aBK | ||
| 905 | _aBlanca M. García O. | ||
| 942 | _cLIBRO | ||
| 949 |
_a574.192 B57 _bBC _cLIBRO _d33724000772182 _eLIBRO _gI. 203233 _h97562 _i91833 _si _t$187.00 |
||
| 999 |
_c80392 _d80392 |
||